000 00684nam a2200229 u 4500
005 20240514063708.0
008 150519s2011 es r 000 0 spa d
020 _a9788484126355
035 _aUPN01000203571
049 _aI
050 4 _aPQ6703 A5.2
_bN8.2
100 1 _aCanals Botines, Mireia
_936434
245 1 3 _aLa nube gris :
_bla preocupación /
_cMireia Canals ; il. Sandra Aguilar.
260 _aBarcelona, Esp. :
_bSalvatella,
_c2011.
300 _a32 p. :
_bil. col.
440 0 _aEmociones ;
_v6
650 4 _aLiteratura infantil española
_95892
650 4 _aEmociones en niños
_9479
650 4 _aPREOCUPACION
_93109
905 _aInfantil
999 _c175672
_d175672